000 00740nam a22002417a 4500
003 UA-OsUOA
001 34092
007 ta
008 20050922b un ||||| |||| 00| 0 ukr d
100 _aУкладач Шишкіна Н. Г.
090 _a811.162.1
_bГ57
942 _cBK
040 _aUA-OsUOA
_bukr
_cUA-OsUOA
_dUA-OsUOA
245 _aГоворимо польською
_bУкр.-рос.-пол. розмовник для ділової людини
300 _a271 с.
955 _a2
041 _aukr
080 _a811.162.1
020 _a5-7707-4714-5
260 _aК.
_c1995
650 7 _a8 Мовознавство. Художня література. Літературознавство
_2UDC
999 _c320525
_d320525